Statistics for Stations on Sydney's Metro Line

Click here to take the quiz!

General Stats

  • This quiz has been taken 5 times
  • The average score is 9 of 13

Answer Stats

NumberAnswer% Correct
1Chatswood
100%
5Epping
100%
3Macquarie Park
100%
4Macquarie University
100%
13Tallawong
100%
2North Ryde
80%
7Castle Hill
60%
10Bella Vista
40%
6Cherrybrook
40%
8Hills Showground
40%
11Kellyville
40%
9Norwest
40%
12Rouse Hill
40%

Score Distribution

Percentile by Number Answered

Percent of People with Each Score

Your Score History

You have not taken this quiz